000 00884nam a2200253Ia 4500
003 OSt
005 20220923222323.0
006 a|||||r|||| 00| 0
007 ta
008 220922b |||||||| |||| 00| 0 guj d
024 _a204,473
037 _cTextual
040 _aARTS
_cARTS
_bguj
041 _2guj
_aguj
082 _aO156,3N38,LA, 152N2
100 _aचौधरी, रघुवीर; गुप्ता, फूलचंद, अनु.
_9166747
245 0 _aलगाव
246 _aLagāva
260 _aदिल्ली
_b हिमाचल पुस्तक भंडार
_c1992
300 _a184पृ0
_ccm.
650 _aगुजराती साहित्य
942 _hO156,3N38,LA, 152N2
_cTEXL
_2CC
999 _c355221
_d355221